Incomplete Movie Titles 2022 - Statistics

General Stats
  • This quiz has been taken 37 times
  • The average score is 26 of 40
Answer Stats
Hint Answer % Correct
Black Panther: ____ Forever Wakanda
91%
____ Train Bullet
88%
Don't ____ Darling Worry
88%
Everything ____ All At Once Everywhere
84%
Top ____: Maverick Gun
84%
____ Adam Black
81%
Sonic The ____ 2 Hedgehog
81%
Doctor Strange In The ____ Of Madness Multiverse
81%
____: A Christmas Carol Scrooge
81%
Avatar: The Way Of ____ Water
81%
Glass ____: A Knives Out Mystery Onion
78%
The ____ Weight Of Massive Talent Unbearable
78%
Where The ____ Sing Crawdads
75%
Roald Dahl's ____ The Musical Matilda
75%
____ How They Run See
75%
Ticket To ____ Paradise
72%
Thor: Love And ____ Thunder
72%
Hotel Transylvania: ____ Transformania
72%
____ On The Nile Death
69%
The Lost ____ City
66%
Honk For ____. Save Your Soul. Jesus
63%
____ Red Turning
63%
The ____ Project Adam
59%
Lyle, Lyle, ____ Crocodile
59%
____ Holmes 2 Enola
59%
The Bad ____ Guys
59%
Puss In Boots: The Last ____ Wish
59%
Jurassic World: ____ Dominion
56%
The Woman ____ King
53%
A Man Called ____ Otto
53%
Chip 'n Dale: ____ Rangers Rescue
53%
Fistful Of ____ Vengeance
50%
____ Hearts Purple
47%
____ Night Violent
47%
Senior ____ Year
47%
The ____ Of Inisherin Banshees
44%
The ____ Man Gray
44%
Three Thousand Years Of ____ Longing
41%
Me ____ Time
38%
Father ____ Stu
19%
No matching quizzes found
Score Distribution
Percent of People with Each Score
Percentile by Number Answered
Your Score History
You have not taken this quiz